[Event "LSS No Engine Cup 125 Preliminary 0"]
[Site "LSS email"]
[Date "2015.02.12"]
[Round "?"]
[White "Van Erps, Gert"]
[Black "Slavin, Pablo"]
[Result "1-0"]
[WhiteElo "1600"]
[BlackElo "1355"]
[PlyCount "55"]
[EventDate "2015.02.13"]
[EventType "tourn (corr)"]
[EventRounds "6"]
[EventCountry "GER"]
[SourceTitle "Corr 2022"]
[Source "ChessBase"]
[SourceDate "2021.10.24"]
[SourceVersion "1"]
[SourceVersionDate "2021.10.24"]
[SourceQuality "1"]

1. d4 Nf6 2. c4 g6 3. Nc3 Bg7 4. e4 d6 5. Nf3 0-0 6. Be2 Nbd7 7. 0-0 e5 8. Be3 a5 9. dxe5 Nxe5 10. Nxe5 dxe5 11. Qc2 c6 12. Rad1 Qc7 13. Bc5 Re8 14. Bd6 Qb6 15. c5 Qa7 16. Na4 Nd7 17. h3 Bf8 18. b3 Bxd6 19. Rxd6 Nf8 20. Nb6 Rb8 21. Rfd1 Be6 22. R6d3 Kg7 23. Qc3 f6 24. a3 Kf7 25. b4 axb4 26. axb4 Qa2 27. Bf1 Re7 28. Ra1 1-0

[Event "LSS No Engine Cup 125 Preliminary 0"]
[Site "LSS email"]
[Date "2015.02.12"]
[Round "?"]
[White "Van Erps, Gert"]
[Black "Szokol, Imre"]
[Result "1-0"]
[WhiteElo "1600"]
[BlackElo "1865"]
[PlyCount "53"]
[EventDate "2015.02.13"]
[EventType "tourn (corr)"]
[EventRounds "6"]
[EventCountry "GER"]
[SourceTitle "Corr 2022"]
[Source "ChessBase"]
[SourceDate "2021.10.24"]
[SourceVersion "1"]
[SourceVersionDate "2021.10.24"]
[SourceQuality "1"]

1. d4 Nf6 2. c4 g6 3. Nc3 d5 4. cxd5 Nxd5 5. e4 Nxc3 6. bxc3 Bg7 7. Nf3 0-0 8. Be2 c5 9. 0-0 Nc6 10. Be3 cxd4 11. cxd4 e6 12. Qd2 a6 13. Rab1 b5 14. Rfc1 Bb7 15. a4 Ne7 16. Bd3 f5 17. Ng5 Qd7 18. axb5 axb5 19. Bxb5 Bc6 20. Bc4 Kh8 21. Bxe6 Qd6 22. d5 Be8 23. Bc5 Qc7 24. d6 Qd8 25. Bb6 Qb8 26. dxe7 Rf6 27. Bd4 1-0

[Event "SE-2015-0-00192"]
[Site "LSS email"]
[Date "2015.01.28"]
[Round "?"]
[White "Rivas, Jesus"]
[Black "Van Erps, Gert"]
[Result "0-1"]
[WhiteElo "1470"]
[BlackElo "1552"]
[PlyCount "80"]
[EventDate "2014.12.24"]
[EventType "tourn (corr)"]
[EventRounds "6"]
[EventCountry "GER"]
[SourceTitle "Corr 2022"]
[Source "ChessBase"]
[SourceDate "2021.10.24"]
[SourceVersion "1"]
[SourceVersionDate "2021.10.24"]
[SourceQuality "1"]

1. Nf3 d5 2. g3 c6 3. Bg2 Bg4 4. 0-0 Nd7 5. d3 Ngf6 6. Nbd2 e5 7. e4 Bd6 8. c3 0-0 9. Qc2 Re8 10. Re1 Qc7 11. Nf1 b5 12. Ne3 Be6 13. Ng5 d4 14. Nxe6 fxe6 15. Nf1 a5 16. h4 a4 17. a3 Bc5 18. Bh3 h6 19. Nh2 Qd6 20. Kh1 dxc3 21. bxc3 Rf8 22. Qe2 Bxf2 23. Qxf2 Nxe4 24. Qe3 Nf2+ 25. Kg2 Nxd3 26. Re2 N7c5 27. Bb2 e4 28. Rd1 Rad8 29. Kg1 Qe7 30. Bg2 Nf4 31. Red2 Nd5 32. Qe1 Nd3 33. Rxd3 exd3 34. Rxd3 Qc5+ 35. Kh1 Qf2 36. Qxe6+ Kh8 37. Ng4 Qxb2 38. Ne5 Rf6 39. Nf7+ Kg8 40. Nxh6+ Kh7 0-1

[Event "SE-2014-0-00181"]
[Site "LSS email"]
[Date "2014.11.03"]
[Round "?"]
[White "Wilshusen, Horst"]
[Black "Van Erps, Gert"]
[Result "0-1"]
[WhiteElo "1247"]
[BlackElo "1252"]
[PlyCount "54"]
[EventDate "2014.09.05"]
[EventType "tourn (corr)"]
[EventRounds "6"]
[EventCountry "GER"]
[SourceTitle "Corr 2015"]
[Source "ChessBase"]
[SourceDate "2015.07.17"]
[SourceVersion "1"]
[SourceVersionDate "2015.07.17"]
[SourceQuality "1"]

1. e4 c5 2. Nf3 e6 3. Nc3 Nc6 4. Be2 Nf6 5. 0-0 Be7 6. d4 d6 7. h3 0-0 8. Be3 cxd4 9. Nxd4 Bd7 10. Qd2 a6 11. f4 e5 12. Nxc6 Bxc6 13. Bf3 Rc8 14. f5 h6 15. Qf2 b5 16. a3 Bb7 17. Rfd1 Qd7 18. Rd2 Rc4 19. Nd5 Bxd5 20. exd5 Qxf5 21. c3 Ne4 22. Bxe4 Qxf2+ 23. Bxf2 Rxe4 24. g4 Bg5 25. Rc2 f5 26. gxf5 Rxf5 27. Re1 Rxf2 0-1

[Event "SF-2014-0-00246"]
[Site "LSS email"]
[Date "2014.08.16"]
[Round "?"]
[White "Van Erps, Gert"]
[Black "Csoma, Balint"]
[Result "1-0"]
[WhiteElo "1237"]
[BlackElo "1023"]
[PlyCount "73"]
[EventDate "2014.07.22"]
[EventType "tourn (corr)"]
[EventRounds "6"]
[EventCountry "GER"]
[SourceTitle "Corr 2015"]
[Source "ChessBase"]
[SourceDate "2015.07.17"]
[SourceVersion "1"]
[SourceVersionDate "2015.07.17"]
[SourceQuality "1"]

1. d4 d5 2. c4 c6 3. Nf3 Nf6 4. e3 e6 5. Bd3 Bb4+ 6. Bd2 Bxd2+ 7. Nbxd2 0-0 8. 0-0 Nbd7 9. h3 h6 10. a3 a5 11. Qc2 b6 12. cxd5 cxd5 13. Rac1 Ba6 14. Bxa6 Rxa6 15. Qd3 Ra8 16. Rc2 Rc8 17. Rfc1 Rxc2 18. Qxc2 Qa8 19. a4 Ne4 20. Nxe4 dxe4 21. Nd2 f5 22. Qc7 Qd8 23. Qc6 Rf6 24. Qb7 Kh7 25. Rc8 Qe7 26. Rc7 Rf7 27. Nc4 Qb4 28. Nxb6 Qe1+ 29. Kh2 Qxf2 30. Nxd7 Qxe3 31. Nf8+ Kg8 32. Nxe6 f4 33. Qa8+ Kh7 34. Rc3 Qe2 35. Nf8+ Kg8 36. Ng6+ Kh7 37. Rc6 1-0